00619nam a2200193Ia 4500003000900000008004100009040001600050080001500066100002400081245012800105260004900233300001600282490003100298650002500329650001400354650001900368700002100387700001700408IN-BaIIA211028s9999 xx 000 0 eng d cIIA Library a681.3bBUR aBurnett-Hall, D. G. 0aComputer programming and autocodescD. G. Burnett-Hall, L. A. G. Dresel and P. A. Samet  aLondonbThe English Universities Pressc1964 aviii, 106p. aApplied mathematics series aComputer programming aComputers aNASA thesaurus aDresel, L. A. G. aSamet, P. A.